000 00859cam a2200253 4500
008 020415n2002 000 0 eng u
020 _a1873394519
035 _a(Sirsi) u117481
041 _aeng.
050 _a693.6
100 _aBankart, G.
245 4 _aThe art of the plasterer
260 _aDonhead
_bDonhead
_c2002
300 _a350p.
_bill
_c30cm.
350 _a65.00
520 _aA reprinted facsimile edition of Bankart's text, which was first published in 1908. Inspired by the Arts and Craft Movement, the text explores how plastering materials and methods were used and developed and provides a history of the craft.
650 _aPLASTERWORK
650 _aDECORATIVE PLASTERWORK
650 _aHISTORY
650 _aBUILT ENVIRONMENT-BUILDING MATERIALS
650 _aCRAFTSMANSHIP
690 _aBUILT ENVIRONMENT
942 _n0
999 _c101997
_d101997